Труды Ферсмановской научной сессии ГИ КНЦ РАН № 19, 2022 (Запись № 13653557)

Подробности
000 -МАРКЕР
контрольное поле 03609nam0a2200409 4500
001 - ИДЕНТИФИКАТОР ЗАПИСИ
контрольное поле RU\NLR\BIBL_A\022713911
005 - ИДЕНТИФИКАТОР ВЕРСИИ
контрольное поле 20260407125032.0
021 ## - НОМЕР ГОСУДАРСТВЕННОЙ РЕГИСТРАЦИИ
Код страны Российская Федерация
Номер КН-П-25-075566
Номер Листа государственной регистраци КН-П-25-7326
035 ## - ДРУГИЕ СИСТЕМНЫЕ НОМЕРА
Идентификатор записи (NLR Aleph) 022713911
100 ## - ДАННЫЕ ОБЩЕЙ ОБРАБОТКИ
Данные общей обработки 20260130d2022 k y0rusy50 ca
101 0# - ЯЗЫК РЕСУРСА
Язык текста, звукозаписи и т.д. русский
Язык резюме английский
102 ## - СТРАНА ПУБЛИКАЦИИ ИЛИ ПРОИЗВОДСТВА
Страна публикации Российская Федерация
105 ## - ПОЛЕ КОДИРОВАННЫХ ДАННЫХ: ТЕКСТОВЫЕ МАТЕРИАЛЫ, МОНОГРАФИЧЕСКИЕ
Кодированные данные о монографическом текстовом документе ab z 110yy
181 #0 - ПОЛЕ КОДИРОВАННЫХ ДАННЫХ: ВИД СОДЕРЖАНИЯ
Код вида содержания (ISBD) i3
Код характеристики содержания (ISBD) axxe
182 #0 - ПОЛЕ КОДИРОВАННЫХ ДАННЫХ: ТИП СРЕДСТВА
Код типа средства (ISBD) n - непосредственное
200 1# - ЗАГЛАВИЕ И СВЕДЕНИЯ ОБ ОТВЕТСТВЕННОСТИ
Основное заглавие Труды Ферсмановской научной сессии ГИ КНЦ РАН № 19, 2022
Сведения, относящиеся к заглавию [труды XXI Всероссийской Ферсмановской научной сессии, посвященной 105-летию со дня рождения д. г.-м. н. Игоря Владимировича Белькова и 100-летию со дня рождения д. г.-м. н. Ии Дмитриевны Батиевой]
Первые сведения об ответственности Федеральное государственное бюджетное учреждение науки Федеральный исследовательский центр "Кольский научный центр Российской академии наук", Геологический институт
203 ## - ВИД СОДЕРЖАНИЯ И ТИП СРЕДСТВА
Вид содержания Текст
Дополнительные сведения об издании визуальный
Тип средства непосредственный
210 ## - ПУБЛИКАЦИЯ, РАСПРОСТРАНЕНИЕ И ДР.
Место издания, распространения и т.д. Апатиты
Имя издателя, распространителя и т. д. Геологический институт Кольского научного центра РАН
Дата издания, распространения и т.д. 2022
215 ## - ФИЗИЧЕСКАЯ ХАРАКТЕРИСТИКА
Специфическое обозначение материала и объем 437 с.
Другие сведения о физической характеристике ил., цв. ил., карт., табл.
Размеры 29
300 ## - ОБЩИЕ ПРИМЕЧАНИЯ
Текст примечания На обороте тит. л. и обл.: ISSN 2074-2479
300 ## - ОБЩИЕ ПРИМЕЧАНИЯ
Текст примечания Рез. англ.
320 ## - ПРИМЕЧАНИЯ О НАЛИЧИИ В ДОКУМЕНТЕ БИБЛИОГРАФИИ / УКАЗАТЕЛЯ
Текст примечания Библиогр. в конце ст.
330 ## - РЕЗЮМЕ ИЛИ РЕФЕРАТ
Текст примечания В издании представлены материалы ежегодных Ферсмановских научных сессий, проводимых в Федеральном государственном бюджетном учреждении науки Геологическом институте Кольского научного центра Российской академии наук. Выпуски посвящены новейшим результатам исследований по истории геологического освоения, общей и экспериментальной минералогии, геохимии, геоэкологии, геофизике и геологии месторождений стратегических полезных ископаемых Кольского п-ова. Издание представляет интерес для геологов широкого профиля, аспирантов и студентов геологических специальностей
606 1# - НАИМЕНОВАНИЕ ТЕМЫ КАК ПРЕДМЕТ
Наименование темы Геология
Формальный подзаголовок Съезды, совещания и т.п
Код системы nlr_sh1
-- nlr_sh2
Идентификатор авторитетной/нормативной записи RU\NLR\AUTH\666905
607 ## - ГЕОГРАФИЧЕСКОЕ НАИМЕНОВАНИЕ КАК ПРЕДМЕТ
Географическое наименование Кольский полуостров (Северо-Запад Европейской части РФ)
Тематический подзаголовок Геология
Формальный подзаголовок Съезды, совещания и т.п
Код системы nlr_sh1
-- nlr_sh2
Идентификатор авторитетной/нормативной записи RU\NLR\AUTH\6669857
675 ## - УНИВЕРСАЛЬНАЯ ДЕСЯТИЧНАЯ КЛАССИФИКАЦИЯ (UDC/УДК)
Индекс 55(470.13)(082)
Издание 4
686 1# - ИНДЕКСЫ ДРУГИХ КЛАССИФИКАЦИЙ
Индекс Д3я431(2)
686 1# - ИНДЕКСЫ ДРУГИХ КЛАССИФИКАЦИЙ
Индекс Д59(2Р31-4Му)я431(2)
702 #1 - ИМЯ ЛИЦА - ВТОРИЧНАЯ ОТВЕТСТВЕННОСТЬ
Начальный элемент ввода Бельков
Часть имени, кроме начального элемента ввода И. В.
Даты 1917-1989
Расширение инициалов личного имени Игорь Владимирович
Код отношения Объект посвящения
702 #1 - ИМЯ ЛИЦА - ВТОРИЧНАЯ ОТВЕТСТВЕННОСТЬ
Начальный элемент ввода Батиева
Часть имени, кроме начального элемента ввода И.Д.
Даты 1922-
Расширение инициалов личного имени Ия Дмитриевна
710 12 - НАИМЕНОВАНИЕ ОРГАНИЗАЦИИ - ПЕРВИЧНАЯ ОТВЕТСТВЕННОСТЬ
Начальный элемент ввода Всероссийская Ферсмановская научная сессия
Порядковый номер временной организации и / или порядковый номер ее части 19
Дата проведения временной организации 2022
Место проведения временной организации Апатиты
Идентификатор авторитетной/нормативной записи RU\NLR\AUTH\880638600
942 ## - ДОПОЛНИТЕЛЬНЫЕ ЭЛЕМЕНТЫ ЗАПИСИ (АБИС)
Тип экземпляра АБИС Книга
980 ## - КОЛЛЕКЦИЯ
Название коллекции Национальная библиография

Нет доступных экземпляров.